A History of Christianity (Record no. 608)

MARC details
000 -LEADER
fixed length control field 00883nam a22002411 4500
001 - CONTROL NUMBER
control field 1695005
003 - CONTROL NUMBER IDENTIFIER
control field GBCCL
005 - DATE AND TIME OF LATEST TRANSACTION
control field 20241126110342.0
008 - FIXED-LENGTH DATA ELEMENTS--GENERAL INFORMATION
fixed length control field 730102m19621964njua 000 0 eng
010 ## -
-- 62019679
040 ## - CATALOGING SOURCE
Original cataloging agency DLC
Transcribing agency DLC
Modifying agency DLC
050 00 -
-- BR141
-- .H53
082 00 - DEWEY DECIMAL CLASSIFICATION NUMBER
Classification number 270.082
Item number HIS
245 02 - TITLE STATEMENT
Title A History of Christianity
260 ## - PUBLICATION, DISTRIBUTION, ETC.
Place of publication, distribution, etc. [Englewood Cliffs, N.J.,
Name of publisher, distributor, etc. Prentice-Hall,
Date of publication, distribution, etc. 1962-64.
300 ## - PHYSICAL DESCRIPTION
Extent 2v.
Other physical details illus.
Dimensions 26 cm.
505 0# - FORMATTED CONTENTS NOTE
Formatted contents note [1] Readings in the history of the early and medieval church, edited by R. C. Petry.--[2] Readings in the history of the church from the Reformation to the present, edited by C. L. Manschreck.
650 #0 - SUBJECT ADDED ENTRY--TOPICAL TERM
Topical term or geographic name entry element Church history
General subdivision Sources.
9 (RLIN) 2172
700 1# - ADDED ENTRY--PERSONAL NAME
Personal name Petry, Ray C.,
Dates associated with a name 1903-
Relator term ed.
9 (RLIN) 2173
700 1# - ADDED ENTRY--PERSONAL NAME
Personal name Manschreck, Clyde Leonard,
Dates associated with a name 1917-
Relator term ed.
9 (RLIN) 2174
906 ## - LOCAL DATA ELEMENT F, LDF (RLIN)
a 7
b cbc
c orignew
d u
e ocip
f 19
g y-gencatlg
942 ## - ADDED ENTRY ELEMENTS (KOHA)
Source of classification or shelving scheme Dewey Decimal Classification
Koha item type Books
Koha issues (borrowed), all copies 10
Holdings
Withdrawn status Lost status Source of classification or shelving scheme Damaged status Not for loan Home library Current Library Shelving location Date acquired Total checkouts Full call number Barcode Date last seen Date last checked out Copy number Price effective from Koha item type
    Dewey Decimal Classification     GRACE BIBLE COLLEGE GRACE BIBLE COLLEGE Church History 2016-11-24 13 270.082 HIS 000385 2025-05-01 2024-02-24 v.2 c.1 2016-11-24 Books
© Grace Bible College Library 2025